La ronda de la luna / (Record no. 52466)

MARC details
000 -CABECERA
campo de control de longitud fija 00657nam a2200229 a 4500
005 - FECHA Y HORA DE LA ÚLTIMA TRANSACCIÓN
campo de control 20241129063743.0
008 - ELEMENTOS DE LONGITUD FIJA--INFORMACIÓN GENERAL
campo de control de longitud fija 991125s1994 mx 000 0 spa u
020 ## - NÚMERO INTERNACIONAL NORMALIZADO PARA LIBROS
Número Internacional Estándar del Libro 968296184X
035 ## - NÚMERO DE CONTROL DEL SISTEMA
Número de control de sistema UPN01000052466
049 ## - COLECCIÓN
Colección I
050 #4 - SIGNATURA TOPOGRÁFICA DE LA BIBLIOTECA DEL CONGRESO
Número de clasificación PZ74.9 M3.7
100 1# - ASIENTO PRINCIPAL--NOMBRE PERSONAL
Nombre de persona Macías, Elva,
Fechas asociadas al nombre 1944-
9 (RLIN) 30163
245 13 - MENCIÓN DE TÍTULO
Título La ronda de la luna /
Mención de responsabilidad, etc. Elva Macías; il. Erika Magaña
260 ## - PUBLICACIÓN, DISTRIBUCIÓN, ETC.
Lugar de publicación, distribución, etc. México :
Nombre del editor, distribuidor, etc. CNCA$bCORUNDA,
Fecha de publicación, distribución, etc. 1994
300 ## - DESCRIPCIÓN FÍSICA
Extensión 21 p. :
Otras características físicas il. col
440 #3 - MENCIÓN DE SERIE/ASIENTO SECUNDARIO--TÍTULO
Título El sueño del dragón
650 #4 - ASIENTO SECUNDARIO DE MATERIA - TERMINO TEMATICO
Término de materia o nombre geográfico como elemento de entrada Poesía infantil mexicana
9 (RLIN) 1260
650 #4 - ASIENTO SECUNDARIO DE MATERIA - TERMINO TEMATICO
Término de materia o nombre geográfico como elemento de entrada Rimas infantiles
9 (RLIN) 10247
902 ## - ELEMENTOS DE DATOS B LOCAL, LDB (RLIN)
Creó CAV CARLOS AGUILAR VILLA
904 ## - ELEMENTOS DE DATOS D LOCAL, LDD (RLIN)
a AC
b 052468
905 ## - TIPO DE MATERIAL
Tipo de material Infantil
Holdings
Estado de retiro Estado de pérdida Fuente del sistema de clasificación o colocación Estado dañado No para préstamo Código de colección Localización permanente Ubicación/localización actual Ubicación en estantería Fecha de adquisición Clasificación Código de barras Fecha visto por última vez Número de copia Tipo de ítem Koha
    Library of Congress Classification     Infantil Bib. Gregorio Torres Quintero Bib. Gregorio Torres Quintero Sala infantil Planta baja 10/05/2023 PZ74.9 M3.7 23028 31/12/2020 1 Libro